书目信息 |
| 题名: |
海德格尔与纳粹
|
|
| 作者: | 科林斯 , Collins 著 ;赵成文 译 | |
| 分册: | ||
| 出版信息: | 北京 北京大学出版社 2005 |
|
| 页数: | 34,129页 | |
| 开本: | 21cm | |
| 丛书名: | 后现代交锋丛书 | |
| 单 册: | ||
| 中图分类: | D095.165.34 | |
| 科图分类: | ||
| 主题词: | 政治哲学 | |
| 电子资源: | ||
| ISBN: | 7-301-08482-X | |
| 000 | 01295oam2 2200313 450 | |
| 001 | 012007938978 | |
| 005 | 20070522170202.31 | |
| 010 | @a7-301-08482-X@dCNY12.80 | |
| 100 | @a20070514d2005 km y0chiy0120 ea | |
| 101 | 1 | @achi@ceng |
| 102 | @aCN@b110000 | |
| 105 | @ay z 000yy | |
| 106 | @ar | |
| 200 | 1 | @a海德格尔与纳粹@Ahai de ge er yu na cui@f(英)杰夫·科林斯(Jeff Collins)著@F(ying)jie fu·ke lin si(Jeff Collins)zhu@g赵成文译@Gzhao cheng wen yi |
| 210 | @a北京@c北京大学出版社@d2005 | |
| 215 | @a34,129页@d21cm | |
| 225 | 2 | @a后现代交锋丛书 |
| 330 | @a本书重新评估围绕海德格尔政治问题的事实与争论,并把它们放置于迈向21世纪的重大政治争论的背景中。理性、现代性、主体性、身份认同以及未来马克思主义和社会民主等正是其中的议题。此中的关键,不仅关于哲学的声誉,还事关我们能否成功抵御当今诸种借尸还魂的纳粹主义。 | |
| 461 | 0 | @12001 @a后现代交锋丛书 |
| 510 | 1 | @aHeidegger and the nazis@zeng |
| 600 | 1 | @a海德格尔@c(Heidegger,Mardin@f1889~1976)@x政治哲学@x思想评论 |
| 600 | 1 | @a海德格尔@c(Heidegger,Mardin@f1889~1976) |
| 606 | 0 | @a政治哲学 |
| 690 | @aD095.165.34@v4 | |
| 701 | 1 | @c(英)@a科林斯@Ake lin si@b杰夫@4著 |
| 701 | 1 | @c(英)@aCollins@bJeff@4著 |
| 702 | 0 | @a赵成文@Azhao cheng wen@c(翻译)@4译 |
| 801 | 0 | @aCN@bRULIN@c20070522 |
| 905 | @dD095.165.34@e110@s8 | |
| 海德格尔与纳粹/(英)杰夫·科林斯(Jeff Collins)著/赵成文译.-北京:北京大学出版社,2005 |
| 34,129页;21cm .-(后现代交锋丛书) |
| ISBN 7-301-08482-X:CNY12.80 |
| 本书重新评估围绕海德格尔政治问题的事实与争论,并把它们放置于迈向21世纪的重大政治争论的背景中。理性、现代性、主体性、身份认同以及未来马克思主义和社会民主等正是其中的议题。此中的关键,不仅关于哲学的声誉,还事关我们能否成功抵御当今诸种借尸还魂的纳粹主义。 |
| ● |
| 相关链接 |
|
|
|
|
正题名:海德格尔与纳粹
索取号:D095.165.34/110
 
预约/预借
| 序号 | 登录号 | 条形码 | 馆藏地/架位号 | 状态 | 备注 |
| 1 | 0575381 | 205753816 | 第一样本阅览室/ [索取号:D095.165.34/110] | 在馆 | |
| 2 | 0575382 | 205753825 | 第一借阅区/ [索取号:D095.165.34/110] | 在馆 | |
| 3 | 0575383 | 205753834 | 密集书库/ [索取号:D095.165.34/110] | 在馆 | |
| 4 | 0575384 | 205753843 | 第一借阅区/ [索取号:D095.165.34/110] | 在馆 | |
| 5 | 0575385 | 205753852 | 第一借阅区/ [索取号:D095.165.34/110] | 在馆 | |
| 6 | 0575386 | 205753861 | 第一借阅区/ [索取号:D095.165.34/110] | 在馆 | |
| 7 | 0575387 | 205753870 | 密集书库/ [索取号:D095.165.34/110] | 在馆 | |
| 8 | 0575388 | 205753889 | 密集书库/ [索取号:D095.165.34/110] | 在馆 |